header

Race to the finish (Record no. 2589)

MARC details
000 -LEADER
fixed length control field 01600nam a22003734a 4500
082 04 - DEWEY DECIMAL CLASSIFICATION NUMBER
Classification number 306.4/5
100 1# - MAIN ENTRY--AUTHOR NAME
Personal name Reardon, Jenny,
245 10 - TITLE STATEMENT
Title Race to the finish
260 ## - PUBLICATION, DISTRIBUTION, ETC. (IMPRINT)
Place of publication Princeton :
Name of publisher Princeton University Press,
Year of publication c2005.
300 ## - PHYSICAL DESCRIPTION
Number of Pages xii, 237 p.
490 1# - SERIES STATEMENT
Series statement In-formation series
505 0# - FORMATTED CONTENTS NOTE
Formatted contents note Post-World War II expert discourses on race -- In the legacy of Darwin -- Diversity meets anthropology -- Group consent and the informed, volitional subject -- Discourses of participation.
650 #0 - SUBJECT ADDED ENTRY--TOPICAL TERM
Topical Term Human population genetics
856 40 - ELECTRONIC LOCATION AND ACCESS
Uniform Resource Identifier http://site.ebrary.com/lib/rucke/Doc?id=10284229

No items available.

© 2026 Rongo University
Contact us: librarian | system librarian | Rongo university